Đánh giá khả năng chịu tải của sông Hậu (đoạn qua khu công nghiệp Trà Nóc) : Báo cáo tổng kết đề tài nghiên cứu khoa học của sinh viên

Nội dung đề tài đánh giá chất lượng nước mặt và khả năng chịu tải của Sông Hậu, tải lượng ô nhiễm của khu công nghiệp Trà Nóc, tốc độ phát triển khu công nghiệp và sự phát triển kinh tế xã hội tại Cần Thơ trong tương lai....

Volledige beschrijving

Bewaard in:
Bibliografische gegevens
Hoofdauteur: Trần, Thị Thanh Lan
Formaat: Boek
Taal:Undetermined
Gepubliceerd in: Cần Thơ Trường Đại học Cần Thơ 2014
Onderwerpen:
Tags: Voeg label toe
Geen labels, Wees de eerste die dit record labelt!
Thư viện lưu trữ: Trung tâm Học liệu Trường Đại học Cần Thơ
LEADER 01373nam a2200229Ia 4500
001 CTU_198191
008 210402s9999 xx 000 0 und d
082 |a 363.7 
082 |b L105 
088 |a TSV2014-36 
100 |a Trần, Thị Thanh Lan 
245 0 |a Đánh giá khả năng chịu tải của sông Hậu (đoạn qua khu công nghiệp Trà Nóc) : 
245 0 |b Báo cáo tổng kết đề tài nghiên cứu khoa học của sinh viên 
245 0 |c Trần Thị Thanh Lan ; Huỳnh Vương Thu Minh (Người hướng dẫn) ; Mai Chí Thảo, Nguyễn Thị Phương Thúy (Cán bộ phối hợp nghiên cứu) 
260 |a Cần Thơ 
260 |b Trường Đại học Cần Thơ 
260 |c 2014 
520 |a Nội dung đề tài đánh giá chất lượng nước mặt và khả năng chịu tải của Sông Hậu, tải lượng ô nhiễm của khu công nghiệp Trà Nóc, tốc độ phát triển khu công nghiệp và sự phát triển kinh tế xã hội tại Cần Thơ trong tương lai. 
650 |a Environmental protection,Water,Bảo vệ môi trường,Nước 
650 |x Pollution,Ô nhiễm 
904 |i Tuyến 
980 |a Trung tâm Học liệu Trường Đại học Cần Thơ